000 00677nam a2200193Ia 4500
003 OSt
005 20260406115052.0
008 210210b1990 xxu||||| |||| 00| 0 eng d
040 _cAL
041 _aHindi
082 _aH491.3 SHAS
100 _aSHARMA (Chaturvedi Dvaraka Prasad).
_9150965
_dशर्मा (चतुर्वेदी द्वारका प्रसाद).
245 _aSahityik brajbasha kosh. khand 3.
_bसाहित्यिक ब्रज भाषा कोश : खण्ड ३
260 _aLucknow.
_bUttar Pradesh Hindi Samstan.,
_c1990
300 _a8,385
690 _aHindi Dictionary
_9150966
906 _a050801
942 _2ddc
_cBK
999 _c99518
_d99518